000
00315nam a2200133Ia 4500
005
20251222144835.0
008
251222s9999||||xx |||||||||||||| ||spa||
082
_a
291.13/S31
100
_a
Scott Wyatt, Jeffrey
245
0
_a
Saint-Perre et le Vatican
250
_a
1ra.ed.
264
_b
Vivaconcept
942
_c
LIB
999
_c
20996
_d
20996